Score 0/16 Timer 02:00
0 Plays Today
Movie Missing Word % Correct
A Few ______ MenGood
97%
Charlie's ______: Full ThrottleAngels
91.9%
G.I. ______Jane
91.3%
The ______ of Notre DameHunchback
91.3%
The Scarlet ______Letter
90%
______ and ThenNow
89.1%
Nothing ______ TroubleBut
88.7%
St. ______ FireElmo's
85.4%
Movie Missing Word % Correct
______ ProposalIndecent
80.6%
About ______ Night...Last
76.3%
The Butcher's ______Wife
68.3%
Blame it on ______Rio
39%
The Seventh ______Sign
32.3%
Margin ______Call
25.8%
Deconstructing ______Harry
25.7%
One Crazy ______Summer
24.2%

Today's Daily Dose

Word Ladder
Folklore Song

Get the Picture
'B' Sanders

Remove Ads.
Support Sporcle.
Get the best of Sporcle when you Go Orange. This ad-free experience offers more features, more stats, and more fun while also helping to support Sporcle. Thank you for becoming a member.

You're not logged in!

Compare scores with friends on all Sporcle quizzes.
OR
Log In

Show Comments

Extras

Top Quizzes Today


Score Distribution

Your Account Isn't Verified!

In order to create a playlist on Sporcle, you need to verify the email address you used during registration. Go to your Sporcle Settings to finish the process.

Report this User

Report this user for behavior that violates our Community Guidelines.

Details: